000
00265nam a22001217a 4500
008
181204b xxu||||| |||| 00| 0 eng d
041
_a
eng
080
_a
371
100
_a
46
101
_a
EDU
245
_a
Reading Skills for Adults
_c
Niles ,O.S
942
_2
udc
_c
BK
999
_c
52821
_d
52821